|
|
|
|
| LEADER |
00816nam a2200265 4500 |
| 001 |
DLU090102330 |
| 005 |
##20091202 |
| 040 |
# |
# |
|a DLU
|b vie
|
| 041 |
# |
# |
|a vie
|
| 044 |
# |
# |
|a vn
|
| 100 |
# |
# |
|a Nguyễn Quý Thanh,
|c TS.
|
| 245 |
# |
# |
|a Sự lạm dụng hình ảnh phụ nữ trong quảng cáo trên truyền hình /
|c Nguyễn Quý Thanh, Phạm Phương Mai.
|
| 653 |
# |
# |
|a Phụ nữ
|
| 653 |
# |
# |
|a Quảng cáo
|
| 700 |
# |
# |
|a Phạm Phương Mai.
|
| 773 |
# |
# |
|t Nghiên cứu gia đình và giới
|g Số 4(65), 2004, tr. 12-20
|
| 920 |
# |
# |
|a Phòng Tạp chí -- Trung tâm Thông tin - Thư viện Trường Đại học Đà Lạt
|
| 994 |
# |
# |
|a DLU
|
| 900 |
# |
# |
|a True
|
| 911 |
# |
# |
|a Đào Thị Thu Huyền
|
| 925 |
# |
# |
|a G
|
| 926 |
# |
# |
|a A
|
| 927 |
# |
# |
|a BB
|
| 980 |
# |
# |
|a Thư viện Trường Đại học Đà Lạt
|